NFL Team Rushing Leaders - Extreme - Statistics

General Stats
  • This quiz has been taken 196 times
  • The average score is 54 of 96
Answer Stats
Team Yards Player % Correct
Cowboys 17,162 Emmitt Smith
96%
Vikings 6,818 Robert Smith
96%
Bears 16,726 Walter Payton
96%
Browns 12,312 Jim Brown
93%
Commanders 5,875 Larry Brown
92%
Dolphins 4,815 Ronnie Brown
92%
Lions 15,269 Barry Sanders
91%
49ers 11,073 Frank Gore
88%
Bills 5,646 Fred Jackson
87%
Chargers 12,490 LaDainian Tomlinson
87%
Ravens 6,173 Lamar Jackson
87%
Rams 10,135 Steven Jackson
87%
Titans/Oilers 9,502 Derrick Henry
84%
Packers 5,940 Aaron Jones
83%
Vikings 11,747 Adrian Peterson
82%
Saints 6,779 Alvin Kamara
82%
Jaguars 11,271 Fred Taylor
82%
Packers 8,207 Jim Taylor
82%
Colts 6,013 Jonathan Taylor
82%
Chiefs 6,015 Larry Johnson
82%
Steelers 10,571 Jerome Bettis
81%
Broncos 7,607 Terrell Davis
81%
Bills 10,183 O.J. Simpson
80%
Seahawks 9,429 Shaun Alexander
79%
Bills 11,938 Thurman Thomas
79%
Eagles 6,792 LeSean McCoy
78%
Cowboys 8,488 Ezekiel Elliott
76%
Steelers 11,950 Franco Harris
76%
Rams 6,959 Marshall Faulk
76%
Giants 10,449 Tiki Barber
76%
Panthers 6,846 DeAngelo Williams
75%
Texans 3,195 Domanick Williams
75%
Chiefs 7,260 Jamaal Charles
75%
Dolphins 6,436 Ricky Williams
75%
Rams 7,245 Eric Dickerson
74%
Bengals 6,412 Joe Mixon
74%
Jets 10,302 Curtis Martin
73%
Raiders 8,322 Marcus Allen
73%
Packers 8,322 Ahman Green
72%
Texans 6,472 Arian Foster
71%
Colts 9,226 Edgerrin James
71%
Ravens 7,801 Jamal Lewis
71%
Titans/Oilers 10,009 Eddie George
66%
Raiders 5,545 Josh Jacobs
66%
Jaguars 8,071 Maurice Jones-Drew
66%
Titans/Oilers 8,574 Earl Campbell
63%
Chiefs 6,070 Priest Holmes
61%
Ravens 6,180 Ray Rice
61%
Cowboys 12,036 Tony Dorsett
60%
Browns 6,843 Nick Chubb
58%
Bears 6,166 Neal Anderson
57%
Bengals 8,061 Corey Dillon
56%
Vikings 5,993 Dalvin Cook
56%
Saints 6,500 Mark Ingram
56%
Dolphins 6,737 Larry Csonka
55%
Bears 8,602 Matt Forte
55%
Cardinals 7,999 Ottis Anderson
55%
Jaguars 2,951 James Stewart
54%
Commanders 7,472 John Riggins
54%
Panthers 7,318 Jonathan Stewart
54%
49ers 7,064 Roger Craig
51%
Buccaneers 4,986 Warrick Dunn
50%
Panthers 5,036 Cam Newton
48%
Commanders 6,824 Clinton Portis
48%
Falcons 6,081 Michael Turner
47%
Eagles 5,995 Brian Westbrook
45%
Buccaneers 5,088 Mike Alstott
43%
Chargers 4,355 Austin Ekeler
40%
Eagles 6,538 Wilbert Montgomery
40%
Saints 6,096 Deuce McAllister
37%
Giants 5,296 Joe Morris
34%
Patriots 5,453 Sam Cunningham
33%
Lions 5,106 Billy Sims
29%
Falcons 6,631 Gerald Riggs
29%
Seahawks 6,705 Curt Warner
27%
Texans 2,934 Lamar Miller
25%
Buccaneers 5,957 James Wilder
24%
Steelers 5,378 Willie Parker
24%
Seahawks 6,706 Chris Warren
22%
Jets 8,074 Freeman McNeil
20%
Broncos 6,323 Floyd Little
18%
Bengals 6,447 James Brooks
17%
Browns 7,274 Leroy Kelly
17%
Giants 6,897 Rodney Hampton
17%
Falcons 5,986 William Andrews
16%
49ers 8,689 Joe Perry
14%
Colts 5,487 Lydell Mitchell
13%
Cardinals 4,649 Stump Mitchell
13%
Patriots 5,323 Jim Nance
11%
Raiders 5,907 Mark van Eeghen
9%
Jets 5,135 Emerson Boozer
8%
Broncos 5,427 Sammy Winder
8%
Cardinals 3,863 Jim Otis
7%
Patriots 4,647 Tony Collins
4%
Lions 5,105 Dexter Bussey
3%
Chargers 4,972 Paul Lowe
3%
No matching quizzes found
Score Distribution
Percent of People with Each Score
Percentile by Number Answered
Your Score History
You have not taken this quiz